|
|
|
|
| LEADER |
00000nam2a2200000 4500 |
| 001 |
310120 |
| 005 |
20231102002245.0 |
| 035 |
|
|
|a (RuTPU)RU\TPU\book\335461
|
| 090 |
|
|
|a 310120
|
| 100 |
|
|
|a 20151120d1982 k y0rusy50 ca
|
| 101 |
0 |
|
|a rus
|
| 102 |
|
|
|a RU
|
| 105 |
|
|
|a y z 001zy
|
| 200 |
0 |
|
|a Т. 16 : Структурная организация и функция генома эукариот
|f науч. ред. Г. П. Георгиев, В. Л. Кретович
|
| 210 |
|
|
|d 1982
|
| 215 |
|
|
|a 212 с.
|
| 320 |
|
|
|a Библиогр. в конце ст.
|
| 461 |
|
1 |
|0 (RuTPU)RU\TPU\book\253840
|t Биологическая химия
|f Академия наук СССР (АН СССР), Всесоюзный институт научной и технической информации (ВИНИТИ)
|v Т. 16 : Структурная организация и функция генома эукариот
|d 1966-
|s Биологическая химия
|
| 606 |
1 |
|
|a Биохимия
|2 stltpush
|3 (RuTPU)RU\TPU\subj\68098
|9 83635
|
| 610 |
1 |
|
|a эукариоты
|
| 610 |
1 |
|
|a генетический аппарат
|
| 610 |
1 |
|
|a геном
|
| 610 |
1 |
|
|a РНК
|
| 610 |
1 |
|
|a ДНК
|
| 610 |
1 |
|
|a хроматин
|
| 610 |
1 |
|
|a хромосомы
|
| 675 |
|
|
|a 577.1
|v 4
|
| 702 |
|
1 |
|a Георгиев
|b Г. П.
|4 340
|
| 702 |
|
1 |
|a Кретович
|b В. Л.
|4 340
|
| 801 |
|
1 |
|a RU
|b 63413507
|c 20151120
|
| 801 |
|
2 |
|a RU
|b 63413507
|c 20180921
|g RCR
|
| 942 |
|
|
|c BK
|